[Event "BEL-ch U16"]
[Site "Blankenberge"]
[Date "2015.04.14"]
[Round "4"]
[White "Ingelaere, Arthur"]
[Black "Jalalijam, Amir"]
[Result "1/2-1/2"]
[WhiteElo "1706"]
[BlackElo "1434"]
[PlyCount "42"]
[EventDate "2015.04.12"]
[EventType "swiss"]
[EventRounds "9"]
[EventCountry "BEL"]
[SourceTitle "CBM 166 Extra"]
[Source "ChessBase"]
[SourceDate "2015.06.18"]
[SourceVersion "1"]
[SourceVersionDate "2015.06.18"]
[SourceQuality "1"]

1. c4 g6 2. g3 Bg7 3. d4 d6 4. Bg2 Nf6 5. Nc3 Nc6 6. e4 e5 7. Nge2 0-0 8. d5 Ne7 9. 0-0 c6 10. b4 b6 11. Ba3 c5 12. b5 a6 13. Qb3 a5 14. Na4 Ng4 15. f3 Nh6 16. Rae1 f5 17. Nec3 Rb8 18. Qd1 f4 19. g4 Bf6 20. Qe2 Bh4 21. Rd1 Bf6 1/2-1/2